006130000a220009700045001000024000002450072000243000060000965000321001566500019004777730019004961 aVan Wyngaard, Arnau10aThe relevance of Epheshians 4:3 a la unificación de REC and WARC aVol.58, núm.2/3 (June-Sept., 2008), Páginas 135-141 aDebemos ser atentos que la unificación puede causar sentimientos de preocupación. Algo tiene que ceder en el proceso de unificación. Especialmente iglesias pequeñas pueden sentirse perdidas en el cuerpo unificado más grande. Desde la perspectiva de una iglesia pequeña, Wyngaard reflexiona sobre Efesios.14aEFESIOS-UNIDAD0 tReformed World